000 00292nam a22001217a 4500
008 181009b xxu||||| |||| 00| 0 eng d
041 _aeng
080 _a370
100 _a48
101 _aEDU
245 _aAdvanced In Learning Behavioral Disabilities
_cCadow.K.D
942 _2udc
_cBK
999 _c49230
_d49230